| 000 | 00574nam a2200217Ia 4500 | ||
|---|---|---|---|
| 003 | GCL | ||
| 008 | 140319s9999 xx 000 0 eng d | ||
| 040 |
_aGCL / _cGCL |
||
| 082 | 0 | 4 |
_a551 _bD H |
| 100 | 1 | _aDUFF, MCL D. | |
| 245 | 1 | 0 |
_aHOLMES' PRINCIPLES OF PHYSICAL GEOLOGY, 4TH ED / _cDUFF, MCL D. |
| 260 |
_a[S.N] : _bEDUCATIONAL LOW-PRICED BOOKS SCHEME ، _c1992 |
||
| 300 | _a791\P | ||
| 650 | 0 | 4 | _aEARTH |
| 650 | 0 | 4 | _aPHYSICAL GEOGRAPHY |
| 650 | 0 | 4 | _aGEOLOGY |
| 650 | 0 | 4 | _aPHYSICAL GEOLOGY |
| 650 | 0 | 4 | _aMETAMORPHISM |
| 650 | 0 | 4 | _aGEOPHYSICS |
| 942 |
_2ddc _cBK |
||
| 999 |
_c20043 _d20043 |
||